[Event "SK Dülmen 1 - SG Turm Raesfeld/Erle 1"]
[Site "Regionalliga 2015/2016"]
[Date "2015.09.26"]
[Round "2.4"]
[White "Stegemann, Norbert"]
[Black "Brömmel, Rudolf"]
[Result "0-1"]
[WhiteElo "1972"]
[BlackElo "1912"]
[PlyCount "72"]
[EventDate "2015.??.??"]
[SourceDate "2015.09.11"]

1. c4 e5 2. g3 Nc6 3. Bg2 g6 4. Nc3 Bg7 5. d3 d6 6. e4 Nd4 7. h3 Ne7 8. Nge2
Nec6 9. O-O h5 10. Nxd4 Nxd4 11. Be3 h4 12. g4 Ne6 13. Ne2 c5 14. f4 exf4 15.
Nxf4 Nxf4 16. Bxf4 Bxb2 17. Rb1 Bd4+ 18. Kh1 g5 19. Bd2 Qe7 20. Qf3 f6 21. e5
Bxe5 22. Qe4 Rg8 23. Qe2 Rb8 24. Be4 b6 25. a4 Bd7 26. a5 Qd8 27. Rb3 Qc7 28.
Qf3 bxa5 29. Bxa5 Qc8 30. Rfb1 Rxb3 31. Rxb3 Qa6 32. Rb8+ Ke7 33. Rxg8 Qxa5 34.
Rg7+ Kd8 35. Rh7 Qd2 36. Ba8 Qh2# 0-1

[Event "SK Dülmen 1 - SG Turm Raesfeld/Erle 1"]
[Site "Regionalliga 2015/2016"]
[Date "2015.09.26"]
[Round "2.5"]
[White "Pliete, Christian"]
[Black "Rebber, Christian"]
[Result "1/2-1/2"]
[WhiteElo "1826"]
[BlackElo "1876"]
[PlyCount "39"]
[EventDate "2015.??.??"]
[SourceDate "2015.09.11"]

1. e4 c6 2. d4 d5 3. exd5 cxd5 4. Bd3 Nc6 5. c3 Nf6 6. h3 e5 7. dxe5 Nxe5 8.
Bb5+ Bd7 9. Bxd7+ Nexd7 10. Nf3 Be7 11. O-O O-O 12. Nbd2 Re8 13. Nb3 Qc7 14.
Nbd4 a6 15. Bg5 Bd6 16. Nf5 Bf4 17. Bxf4 Qxf4 18. N5d4 Nc5 19. Qc1 Qxc1 20.
Raxc1 1/2-1/2

[Event "SK Dülmen 1 - SG Turm Raesfeld/Erle 1"]
[Site "Regionalliga 2015/2016"]
[Date "2015.09.26"]
[Round "2.6"]
[White "Lödding, Detlef"]
[Black "Borutta, Niklas"]
[Result "0-1"]
[WhiteElo "1899"]
[BlackElo "2048"]
[PlyCount "68"]
[EventDate "2015.??.??"]
[SourceDate "2015.09.11"]

1. e4 c5 2. Nf3 Nc6 3. Bb5 d6 4. Bxc6+ bxc6 5. O-O e5 6. c4 Nf6 7. Nc3 Be7 8.
d3 O-O 9. b3 Ne8 10. Ne1 f5 11. f4 exf4 12. Bxf4 Bf6 13. Rc1 Bd4+ 14. Kh1 fxe4
15. Qe2 Bxc3 16. Rxc3 Qf6 17. Rc1 g5 18. Qxe4 Bd7 19. g3 gxf4 20. Rxf4 Qg7 21.
Ng2 Rxf4 22. Nxf4 Nf6 23. Qg2 Re8 24. h3 Qg5 25. Rf1 Nh5 26. Nxh5 Qxh5 27. g4
Qg6 28. Qf3 Qg7 29. Qg3 Qe7 30. Kg2 Rf8 31. Re1 Qf6 32. g5 Qf4 33. h4 Qxg3+ 34.
Kxg3 Re8 0-1

[Event "SK Dülmen 1 - SG Turm Raesfeld/Erle 1"]
[Site "Regionalliga 2015/2016"]
[Date "2015.09.26"]
[Round "2.7"]
[White "Bergemann, Martin"]
[Black "Kötting, Hans-Erich"]
[Result "1/2-1/2"]
[WhiteElo "1897"]
[BlackElo "1854"]
[PlyCount "60"]
[EventDate "2015.??.??"]
[SourceDate "2015.09.11"]

1. d4 Nf6 2. Bg5 Ne4 3. Bh4 c5 4. Nd2 Qa5 5. dxc5 Qxd2+ 6. Qxd2 Nxd2 7. Kxd2
Na6 8. e4 Nxc5 9. f3 b6 10. Bc4 e6 11. Ne2 a6 12. a4 Nb7 13. c3 Nd6 14. Bd3 Bb7
15. Bf2 Nc8 16. Rhe1 Be7 17. Rad1 O-O 18. Kc1 Bc5 19. Bxc5 bxc5 20. Bc2 Bc6 21.
Nf4 Nb6 22. b3 c4 23. a5 cxb3 24. Bxb3 Na4 25. Ne2 Nc5 26. Bc2 e5 27. Kd2 Rfb8
28. Rb1 Nb7 29. Ra1 Nc5 30. Reb1 Bb5 1/2-1/2

[Event "SK Dülmen 1 - SG Turm Raesfeld/Erle 1"]
[Site "Regionalliga 2015/2016"]
[Date "2015.09.26"]
[Round "2.8"]
[White "Schlütermann, Philipp"]
[Black "Fasselt, Hendrik"]
[Result "1-0"]
[WhiteElo "1756"]
[BlackElo "1804"]
[PlyCount "80"]
[EventDate "2015.??.??"]
[SourceDate "2015.09.11"]

1. d4 d5 2. c4 e6 3. Nf3 Nf6 4. Nc3 Be7 5. Bf4 c6 6. e3 O-O 7. cxd5 exd5 8. Bd3
Nbd7 9. O-O Re8 10. h3 Nf8 11. Ne5 Be6 12. a3 N6d7 13. b4 Nxe5 14. Bxe5 Bf6 15.
Bh2 Rc8 16. Qd2 Qe7 17. Rfc1 g6 18. Ne2 Qd7 19. Rab1 Be7 20. a4 Bd6 21. Bxd6
Qxd6 22. b5 c5 23. dxc5 Rxc5 24. Rxc5 Qxc5 25. Qb2 Nd7 26. Rc1 Qd6 27. Nd4 Nc5
28. Qb4 b6 29. Be2 Rc8 30. Nc6 Bd7 31. Nxa7 Ra8 32. a5 Rxa7 33. axb6 Qxb6 34.
Qxc5 Qb7 35. b6 Ra2 36. Bf3 Rb2 37. Qc7 Rxb6 38. Qd8+ Kg7 39. Rc7 Rb1+ 40. Kh2
Qb8 1-0

[Event "SK Münster 2 - SC Steinfurt 1"]
[Site "Regionalliga 2015/2016"]
[Date "2015.11.07"]
[Round "2.1"]
[White "Winnemöller, Bernd"]
[Black "Rehfeldt, Frank"]
[Result "1/2-1/2"]
[WhiteElo "1983"]
[BlackElo "2144"]
[PlyCount "87"]
[EventDate "2015.??.??"]
[SourceDate "2015.09.11"]

1. e4 d5 2. exd5 Qxd5 3. Qf3 Nf6 4. Qxd5 Nxd5 5. d4 Nb4 6. Na3 Bf5 7. c3 Nd3+
8. Bxd3 Bxd3 9. Bf4 Na6 10. O-O-O Be4 11. f3 Bg6 12. Ne2 e6 13. Nc4 O-O-O 14.
h4 f6 15. Bg3 Bf7 16. b3 Bd6 17. Nxd6+ cxd6 18. Kb2 b5 19. Rhe1 Kd7 20. Ra1
Rhg8 21. f4 Rc8 22. Bf2 d5 23. b4 Ra8 24. a4 Nc7 25. Nc1 g5 26. hxg5 fxg5 27.
fxg5 Rxg5 28. g3 Bg6 29. Nb3 Rf8 30. Re2 Bh5 31. Rd2 Rf3 32. Nc5+ Kc8 33. axb5
Rgf5 34. Be1 Nxb5 35. Nxe6 Nd6 36. Rh2 Nc4+ 37. Kb3 Bg6 38. Nf4 Kb7 39. Re2 Re3
40. Rxe3 Nxe3 41. Ra2 Bf7 42. Re2 Nc4 43. Bf2 Kb6 44. Bg1 1/2-1/2

[Event "SK Münster 2 - SC Steinfurt 1"]
[Site "Regionalliga 2015/2016"]
[Date "2015.11.07"]
[Round "2.3"]
[White "Haselhorst, Helmut"]
[Black "Kammers, Heribert"]
[Result "1/2-1/2"]
[WhiteElo "2116"]
[BlackElo "2043"]
[PlyCount "52"]
[EventDate "2015.??.??"]
[SourceDate "2015.09.11"]

1. d4 d5 2. c4 e6 3. Nf3 Nf6 4. Nc3 Nbd7 5. e3 Be7 6. Bd3 O-O 7. O-O b6 8. e4
dxe4 9. Nxe4 Bb7 10. Qe2 Nxe4 11. Bxe4 Bxe4 12. Qxe4 c5 13. Rd1 Nf6 14. Qe2 Qc7
15. Bg5 h6 16. Bh4 cxd4 17. Rxd4 Rad8 18. Rad1 Rxd4 19. Rxd4 Rd8 20. Qd3 Rxd4
21. Qxd4 Bc5 22. Qd3 Qf4 23. Qc2 Ne4 24. Bg3 Nxg3 25. hxg3 Qd6 26. Kf1 a6
1/2-1/2

[Event "SK Münster 2 - SC Steinfurt 1"]
[Site "Regionalliga 2015/2016"]
[Date "2015.11.07"]
[Round "2.4"]
[White "Müschenich, Stefan"]
[Black "Grälken, Matthias"]
[Result "1/2-1/2"]
[WhiteElo "2082"]
[BlackElo "2018"]
[PlyCount "53"]
[EventDate "2015.??.??"]
[SourceDate "2015.09.11"]

1. e4 d5 2. exd5 Nf6 3. Bb5+ Bd7 4. Be2 Nxd5 5. d4 Bf5 6. Nf3 e6 7. a3 Be7 8.
c4 Nb6 9. Be3 O-O 10. O-O Nc6 11. Nbd2 Bf6 12. Nb3 a5 13. Qd2 a4 14. Nc5 Qc8
15. Bg5 Bxg5 16. Qxg5 Na5 17. Rac1 Rd8 18. Rfd1 Nd7 19. Nxd7 Rxd7 20. Qf4 Nb3
21. Rc3 Qd8 22. c5 c6 23. Rc4 f6 24. Bd3 Bxd3 25. Rxd3 Qe7 26. Re3 g6 27. h4
1/2-1/2

[Event "SK Münster 2 - SC Steinfurt 1"]
[Site "Regionalliga 2015/2016"]
[Date "2015.11.07"]
[Round "2.5"]
[White "Wild, Helmut"]
[Black "Virnyi, Julius"]
[Result "0-1"]
[WhiteElo "1932"]
[BlackElo "2087"]
[PlyCount "62"]
[EventDate "2015.??.??"]
[SourceDate "2015.09.11"]

1. c4 Nf6 2. Nc3 g6 3. e4 d6 4. d4 Bg7 5. f4 O-O 6. Nf3 e5 7. fxe5 dxe5 8. d5
c6 9. Bd3 b5 10. b3 b4 11. Na4 cxd5 12. cxd5 Nxd5 13. O-O Nf4 14. Bc4 Nd7 15.
Qd6 Nf6 16. Qxb4 a5 17. Qe1 Bb7 18. Ba3 Re8 19. Ng5 Qd4+ 20. Kh1 Nxe4 21. Bxf7+
Kh8 22. Nf3 Qd7 23. Bxe8 Qg4 24. Rf2 Nd3 25. Qe3 Nexf2+ 26. Kg1 Rxe8 27. Nc5
Nh3+ 28. Kf1 Nhf4 29. Qe2 Bxf3 30. Nxd3 Bxe2+ 31. Ke1 Nxd3+ 0-1

[Event "SK Münster 2 - SC Steinfurt 1"]
[Site "Regionalliga 2015/2016"]
[Date "2015.11.07"]
[Round "2.6"]
[White "Borrink, Jörn"]
[Black "Yust, Evgeniy"]
[Result "1-0"]
[WhiteElo "2086"]
[BlackElo "1924"]
[PlyCount "84"]
[EventDate "2015.??.??"]
[SourceDate "2015.09.11"]

1. e4 c6 2. d4 d5 3. e5 Bf5 4. Nd2 e6 5. g4 Bg6 6. Ne2 c5 7. h4 h6 8. Nf4 Bh7
9. c3 Nc6 10. Nb3 cxd4 11. cxd4 Qb6 12. Bd3 Bb4+ 13. Kf1 Bxd3+ 14. Qxd3 O-O-O
15. Be3 Be7 16. Kg2 g5 17. hxg5 Bxg5 18. Nxe6 fxe6 19. Bxg5 Nge7 20. Rxh6 Rxh6
21. Bxh6 Rg8 22. f3 Nf5 23. Bd2 Ncxd4 24. Ba5 Qb5 25. Rc1+ Kb8 26. Qxb5 Nxb5
27. a4 Nbd4 28. Nxd4 Nxd4 29. Bc7+ Ka8 30. Bd6 b5 31. axb5 Nxb5 32. Bc5 Rg5 33.
Re1 Kb7 34. Kg3 Kc6 35. f4 Rg8 36. Rc1 a6 37. g5 Kd7 38. Kg4 Rh8 39. Ra1 Kc6
40. b4 Kb7 41. Rc1 Rh2 42. g6 Kc6 1-0

[Event "SK Münster 2 - SC Steinfurt 1"]
[Site "Regionalliga 2015/2016"]
[Date "2015.11.07"]
[Round "2.7"]
[White "Janning, Rainer"]
[Black "Kubo, Thomas"]
[Result "1/2-1/2"]
[WhiteElo "1849"]
[BlackElo "2028"]
[PlyCount "72"]
[EventDate "2015.??.??"]
[SourceDate "2015.09.11"]

1. f4 c5 2. Nf3 Nc6 3. g3 d5 4. Bg2 Nf6 5. O-O e6 6. d3 b6 7. c3 Bb7 8. Na3 Be7
9. Nc2 Qc7 10. e3 O-O 11. d4 b5 12. Ne5 Rfc8 13. Bd2 a5 14. a3 b4 15. Nxc6 Qxc6
16. dxc5 bxc3 17. Bxc3 Qxc5 18. Rc1 Ba6 19. Re1 Bc4 20. Qd2 a4 21. Bb4 Qa7 22.
Bxe7 Qxe7 23. Nb4 Qa7 24. Rc3 Rab8 25. Rec1 g6 26. Bf3 Qb6 27. g4 Qb5 28. Qd4
Nd7 29. e4 dxe4 30. Bxe4 Nb6 31. Qe5 Qxe5 32. fxe5 Rc5 33. Na6 Rxe5 34. Nxb8
Rxe4 35. h3 Bd5 36. Na6 Re2 1/2-1/2

[Event "SK Münster 2 - SC Steinfurt 1"]
[Site "Regionalliga 2015/2016"]
[Date "2015.11.07"]
[Round "2.8"]
[White "Niermann, Rainer"]
[Black "Schlitter, Klaus"]
[Result "1/2-1/2"]
[WhiteElo "2002"]
[BlackElo "1877"]
[PlyCount "90"]
[EventDate "2015.??.??"]
[SourceDate "2015.09.11"]

1. e4 e6 2. d4 d5 3. Nc3 Bb4 4. e5 Qd7 5. Bd2 b6 6. a4 Ba6 7. Nb5 Bf8 8. Qg4 h5
9. Qg3 g6 10. Nh3 c6 11. Nd6+ Bxd6 12. Bxa6 Nxa6 13. exd6 O-O-O 14. Qd3 Kb7 15.
b4 Qxd6 16. b5 cxb5 17. axb5 Nc7 18. O-O Nh6 19. Bf4 Qd7 20. Be5 Rhe8 21. c4
dxc4 22. Qxc4 Nf5 23. Qc6+ Qxc6 24. bxc6+ Kb8 25. Bxc7+ Kxc7 26. Rxa7+ Kxc6 27.
Ng5 Nxd4 28. Nxf7 Ne2+ 29. Kh1 Rd5 30. g3 Rf5 31. f4 e5 32. Re1 exf4 33. gxf4
Ng3+ 34. hxg3 Rxe1+ 35. Kg2 Re6 36. Nd8+ Kd6 37. Nxe6 Kxe6 38. Rb7 Rb5 39. Kh3
Kf5 40. Rb8 Rb1 41. Rf8+ Ke6 42. Kh4 Ke7 43. Rb8 Kf6 44. Rf8+ Ke7 45. Rb8 Kf6
1/2-1/2

[Event "SC Gronau 1 - SC Klein-Berlin Rheine 1"]
[Site "Regionalliga 2015/2016"]
[Date "2015.09.26"]
[Round "2.3"]
[White "Henneberger, Sven"]
[Black "Langendijk, Andre"]
[Result "0-1"]
[WhiteElo "2109"]
[BlackElo "1960"]
[PlyCount "80"]
[EventDate "2015.??.??"]
[SourceDate "2015.09.11"]

1. e4 c5 2. Nf3 g6 3. g3 Bg7 4. Bg2 Nc6 5. O-O Nf6 6. d3 O-O 7. Nbd2 d6 8. Re1
Qc7 9. Nf1 Rb8 10. a4 a6 11. Bd2 b5 12. axb5 axb5 13. Qc1 b4 14. Bh6 Nd4 15.
Bxg7 Kxg7 16. Ne3 Be6 17. b3 Bxb3 18. cxb3 Nxb3 19. Qb2 Nxa1 20. Rxa1 e5 21.
Nd2 Ra8 22. f4 Nd7 23. Nd5 Rxa1+ 24. Qxa1 Qc6 25. Bh3 Ra8 26. Qb2 Re8 27. Nc4
f6 28. Qa2 Ra8 29. Bxd7 Qxd5 30. Qe2 Qd4+ 31. Kg2 b3 32. Kh3 Ra2 33. Qf1 b2 34.
Qb1 Ra7 35. Bc6 exf4 36. Qxb2 Qxd3 37. Bd5 f3 38. Qb8 Qf1+ 39. Kg4 h5+ 40. Kf4
g5+ 0-1